[Event "SLO-chT3 West"]
[Site "Komenda"]
[Date "2019.12.06"]
[Round "1.4"]
[White "Kutin, Boris"]
[Black "Bavec, Jakob"]
[Result "1-0"]
[WhiteElo "1924"]
[BlackElo "1125"]
[PlyCount "31"]
[EventDate "2019.12.06"]
[EventType "team-swiss"]
[EventRounds "5"]
[EventCountry "SLO"]
[SourceTitle "EXT 2024"]
[Source "ChessBase"]
[SourceDate "2023.10.10"]
[SourceVersion "1"]
[SourceVersionDate "2023.10.10"]
[SourceQuality "1"]
[WhiteTeam "Loska Dolina"]
[BlackTeam "Loska Dolina II"]
[WhiteTeamCountry "SLO"]
[BlackTeamCountry "SLO"]

1. e4 e5 2. Nc3 Nf6 3. f4 exf4 4. Nf3 Bb4 5. Bc4 Bxc3 6. dxc3 Nc6 7. 0-0 0-0 8. Bxf4 h6 9. e5 Nh5 10. Be3 d6 11. Ng5 hxg5 12. Qxh5 Nxe5 13. Bxg5 g6 14. Qh4 Qd7 15. Bf6 Nf3+ 16. Rxf3 1-0